MARC details
| 000 -CABECERA |
| campo de control de longitud fija |
01684nam a2200325 a 4500 |
| 001 - NÚMERO DE CONTROL |
| campo de control |
000028232 |
| 003 - IDENTIFICADOR DEL NÚMERO DE CONTROL |
| campo de control |
DO-SdBNP |
| 005 - FECHA Y HORA DE LA ÚLTIMA TRANSACCIÓN |
| campo de control |
20251027100439.0 |
| 008 - DATOS DE LONGITUD FIJA--INFORMACIÓN GENERAL |
| campo de control de longitud fija |
110407s2010 dr ac 001 0 spa d |
| 040 ## - FUENTE DE LA CATALOGACIÓN |
| Centro catalogador/agencia de origen |
DO-SdBNP |
| Lengua de catalogación |
spa |
| Centro/agencia transcriptor |
BNPHU |
| 082 #4 - NÚMERO DE LA CLASIFICACIÓN DECIMAL DEWEY |
| Número de clasificación |
304.82 |
| Número de documento/Ítem |
F727c |
| Número de edición |
22 |
| 111 2# - ENTRADA PRINCIPAL--NOMBRE DE CONGRESO/REUNIÓN |
| Nombre de congreso/reunión o jurisdicción como elemento de entrada |
Foro Seminario Internacional en Defensa de la Ciudadanía Universal: la Resistencia de los(as) Migrantes y las Comunidades Afrodescendientes |
| Fecha del congreso/reunión |
(2008 : |
| Sede del congreso/Lugar de la reunión |
Universidad de Puerto Rico, Puerto Rico) |
| 9 (RLIN) |
55218 |
| 245 10 - MENCIÓN DE TÍTULO |
| Título |
Cruzando fronteras : |
| Resto del título |
convergencias entre la sociedad civil y la academia en el Caribe / |
| Mención de responsabilidad, etc. |
editor, Karin Weyland-Usama, Sara Benítez-Delgado, Liliana Cotto-Morales; prólogo, Roberto Mori. |
| 260 ## - PUBLICACIÓN, DISTRIBUCIÓN, ETC. |
| Lugar de publicación, distribución, etc. |
Santo Domingo : |
| Nombre del editor, distribuidor, etc. |
INTEC, |
| Fecha de publicación, distribución, etc. |
2010. |
| 300 ## - DESCRIPCIÓN FÍSICA |
| Extensión |
367 p. : |
| Otras características físicas |
il., retrs. ; |
| Dimensiones |
23 cm. |
| 504 ## - NOTA DE BIBLIOGRAFÍA, ETC. |
| Nota de bibliografía, etc. |
Incluye bibliografía y notas al pie de páginas y al final de capítulos. |
| 590 ## - NOTA LOCAL (RLIN) |
| Nota local |
Inventariado, 2018/VM |
| 650 #4 - PUNTO DE ACCESO ADICIONAL DE MATERIA--TÉRMINO DE MATERIA |
| Término de materia o nombre geográfico como elemento de entrada |
Ciudadanía |
| Subdivisión general |
Congresos, conferencias, etc. |
| 9 (RLIN) |
759 |
| 651 #0 - PUNTO DE ACCESO ADICIONAL DE MATERIA--NOMBRE GEOGRÁFICO |
| Nombre geográfico |
Caribe (Región) |
| Subdivisión general |
Emigración e inmigración |
| -- |
Congresos, conferencias, etc. |
| 9 (RLIN) |
87401 |
| 651 #4 - PUNTO DE ACCESO ADICIONAL DE MATERIA--NOMBRE GEOGRÁFICO |
| Nombre geográfico |
República Dominicana |
| Subdivisión general |
Emigración e inmigración |
| -- |
Congresos, conferencias, etc. |
| 9 (RLIN) |
55219 |
| 651 #4 - PUNTO DE ACCESO ADICIONAL DE MATERIA--NOMBRE GEOGRÁFICO |
| Nombre geográfico |
Haití |
| Subdivisión general |
Emigración e inmigración |
| -- |
Congresos, conferencias, etc. |
| 9 (RLIN) |
55220 |
| 651 #4 - PUNTO DE ACCESO ADICIONAL DE MATERIA--NOMBRE GEOGRÁFICO |
| Nombre geográfico |
Puerto Rico |
| Subdivisión general |
Emigración e inmigración |
| -- |
Congresos, conferencias, etc. |
| 9 (RLIN) |
55221 |
| 700 12 - PUNTO DE ACCESO ADICIONAL--NOMBRE DE PERSONA |
| Nombre de persona |
Weuland-Usama, Karin, |
| Término indicativo de función/relación |
ed. |
| 9 (RLIN) |
55222 |
| 700 12 - PUNTO DE ACCESO ADICIONAL--NOMBRE DE PERSONA |
| Nombre de persona |
Benítez-Delgado, Sara, |
| Término indicativo de función/relación |
ed. |
| 9 (RLIN) |
55223 |
| 700 12 - PUNTO DE ACCESO ADICIONAL--NOMBRE DE PERSONA |
| Nombre de persona |
Cotto-Morales, Liliana, |
| Término indicativo de función/relación |
ed. |
| 9 (RLIN) |
55224 |
| 700 12 - PUNTO DE ACCESO ADICIONAL--NOMBRE DE PERSONA |
| Nombre de persona |
Mori, Roberto, |
| Término indicativo de función/relación |
pról. |
| 9 (RLIN) |
55225 |
| 710 2# - PUNTO DE ACCESO ADICIONAL--NOMBRE DE ENTIDAD CORPORATIVA |
| Nombre de entidad corporativa o nombre de jurisdicción como elemento de entrada |
Instituto Tecnológico de Santo Domingo |
| 9 (RLIN) |
78911 |
| 910 ## - DATOS DE OPCIÓN DEL USUARIO (OCLC) |
| Datos de opción del usuario |
Validado. Control de calidad EMS |
| 942 ## - ELEMENTOS DE PUNTO DE ACCESO ADICIONAL (KOHA) |
| Fuente del sistema de clasificación o colocación |
Dewey Decimal Classification |
| Tipo de ítem Koha |
Libro |